THUMBUM THURALUM (Record no. 7896)
[ view plain ]
| 000 -LEADER | |
|---|---|
| fixed length control field | 01379nam a22001577a 4500 |
| 020 ## - INTERNATIONAL STANDARD BOOK NUMBER | |
| ISBN | 978-93-80557-31-1 |
| 082 ## - DEWEY DECIMAL CLASSIFICATION NUMBER | |
| Classification number | 920 |
| Item number | SRE/T |
| 100 ## - MAIN ENTRY--AUTHOR NAME | |
| Personal name | SREERAMAN, C V |
| 245 ## - TITLE STATEMENT | |
| Title | THUMBUM THURALUM |
| 250 ## - EDITION STATEMENT | |
| Edition statement | SECOND EDITION |
| 260 ## - PUBLICATION, DISTRIBUTION, ETC. (IMPRINT) | |
| Place of publication | THRISSUR |
| Name of publisher | H & C PUBLISHING HOUSE |
| Year of publication | 2016 |
| 300 ## - PHYSICAL DESCRIPTION | |
| Number of Pages | 80 |
| 520 ## - SUMMARY, ETC. | |
| Summary, etc | മൻനക്ഷത്രദീപ്തിയുള്ള ഒരു കാലഘട്ടത്തെ സ്മൃതിയുടെ തിരശ്ശീലയിലേക്ക് പുനരാനയിക്കുകയാണ്, ഋജുവും ചേതോഹരവുമായ ഈ കുറിപ്പുകളിലൂടെ ശ്രീരാമൻ. കുന്ദംകുളത്തെ പച്ചമനുഷ്യരേയും നാട്ടിടവഴികളേയും അനാദൃശമായ തന്മയത്വത്തോടെ നോക്കിക്കാണുന്ന ഈ ഓർമ്മപുസ്തകം, ആദർശദാർഢ്യത്താലും സൗഹാർദ്ദത്താലും ജ്വലിച്ചുനിന്ന ഒരു ഭൂതകാലത്തെ അനുസ്മരിപ്പിക്കുന്നു. |
| 650 ## - SUBJECT ADDED ENTRY--TOPICAL TERM | |
| Topical Term | MALAYALAM MEMOIRS |
| Geographic subdivision | KERALA |
| 942 ## - ADDED ENTRY ELEMENTS (KOHA) | |
| Koha item type | Books |
| Withdrawn status | Lost status | Collection code | Home library | Current library | Shelving location | Date acquired | Source of acquisition | Cost, normal purchase price | Full call number | Accession Number | Koha item type |
|---|---|---|---|---|---|---|---|---|---|---|---|
| Fiction | Main Library | Main Library | NEW SHELF WITH NEW ENTRY | 12/12/2023 | purchase | 70.00 | 920SRE/T | 13496 | Books |